Statistiques concernant Les conflits armés en cours

Cliquez ici pour prendre le quiz!

Statistiques générales

  • Ce quiz a été pris 189 fois
  • Le résultat moyen est 11 sur 21

Statistiques - réponses

Début du conflitContinentMorts au totalPays% Correct
2014Europe+ 310 000Guerre russo-ukrainienne
89%
2002Afrique+ 29 000Guerre du Sahel (Algérie, Libye, Mali, Maroc, Mauritanie, Niger, Nigéria, Tchad, Tunisie)
83%
2003Asie328 000 à +1 215 000Conflit Irakien
72%
1996Afrique+ 5000Insurrection des Forces démocratiques alliées (RDC et Ouganda)
71%
1999Afrique+ 64 000Conflit d'Ituri (RDC)
70%
2004Afrique+ 23 000Guerre du Kivu (RDC)
70%
2011Asie500 000 à +600 000Guerre civile syrienne
68%
2009Afrique358 000Insurrection de Boko Haram (Nigéria, Cameroun, Tchad, Niger)
67%
2012Afrique+ 15 000Guerre du Mali
61%
1978Asie1 450 000 à 2 084 468Conflit afghan
56%
1991Afrique+ 506 000Guerre civile somalienne
50%
2006Amérique62 000Guerre de la drogue au Mexique
46%
1964Amérique+ 221 000Conflit armé colombien
44%
2011Asie377 000Crise yéménite
44%
2011Afrique386 000 à +400 000Violence ethnique au Soudan du Sud
44%
2018Afrique385 000 à 800 000Guerre civile éthiopienne
42%
1973Afrique3 000 à 8900Révolte oromo (Éthiopie)
42%
1948Asie160 000 à 210 000Conflit armé birman
35%
2011Afrique+ 12 000Conflit de bandits nigérians
32%
1998Afrique+ 17 100Conflits communautaires au Nigeria
32%
2017Afrique+ 5000Insurrection djihadiste au Mozambique
19%

Distribution des résultats

Percentile par nombre de réponses

% des personnes avec chaque résultat

Votre développement - résultats

Vous n’avez pas pris ce quiz